<?xml version="1.0" encoding="UTF-8"?>
<record
    xmlns:xsi="http://www.w3.org/2001/XMLSchema-instance"
    xsi:schemaLocation="http://www.loc.gov/MARC21/slim http://www.loc.gov/standards/marcxml/schema/MARC21slim.xsd"
    xmlns="http://www.loc.gov/MARC21/slim">

  <leader>00625nam a22002057a 4500</leader>
  <datafield tag="999" ind1=" " ind2=" ">
    <subfield code="c">184287</subfield>
    <subfield code="d">184287</subfield>
  </datafield>
  <controlfield tag="005">20220311120501.0</controlfield>
  <datafield tag="010" ind1=" " ind2=" ">
    <subfield code="a">ENG-131184-90</subfield>
  </datafield>
  <datafield tag="020" ind1=" " ind2=" ">
    <subfield code="a">978-93-8854-822-9</subfield>
    <subfield code="c">13995.00</subfield>
  </datafield>
  <datafield tag="035" ind1=" " ind2=" ">
    <subfield code="a">EN-114716-22</subfield>
  </datafield>
  <datafield tag="037" ind1=" " ind2=" ">
    <subfield code="b">DBAD</subfield>
  </datafield>
  <datafield tag="082" ind1=" " ind2=" ">
    <subfield code="a">345.54</subfield>
  </datafield>
  <datafield tag="100" ind1=" " ind2=" ">
    <subfield code="a">Kathuria, R P</subfield>
  </datafield>
  <datafield tag="245" ind1=" " ind2=" ">
    <subfield code="a">Supreme Court on Criminal Law (1950-2018):</subfield>
    <subfield code="c">R P Kathuria</subfield>
  </datafield>
  <datafield tag="250" ind1=" " ind2=" ">
    <subfield code="a">Tenth Edition</subfield>
  </datafield>
  <datafield tag="260" ind1=" " ind2=" ">
    <subfield code="a">Haryana</subfield>
    <subfield code="b">lexisnexis</subfield>
    <subfield code="c">2019</subfield>
  </datafield>
  <datafield tag="270" ind1=" " ind2=" ">
    <subfield code="b">Gurgaon</subfield>
    <subfield code="a">14th Floor, Building No. 10 Tower-B, DLF Cyber City, Phase-II</subfield>
    <subfield code="e">122002</subfield>
  </datafield>
  <datafield tag="300" ind1=" " ind2=" ">
    <subfield code="a">2078p.</subfield>
    <subfield code="c">24cm(hbk)</subfield>
  </datafield>
  <datafield tag="500" ind1=" " ind2=" ">
    <subfield code="a">VOLUME 1 TO 7</subfield>
  </datafield>
  <datafield tag="942" ind1=" " ind2=" ">
    <subfield code="2">ddc</subfield>
    <subfield code="c">EN</subfield>
    <subfield code="h">345.54</subfield>
    <subfield code="m">KAT</subfield>
  </datafield>
  <datafield tag="952" ind1=" " ind2=" ">
    <subfield code="0">0</subfield>
    <subfield code="1">0</subfield>
    <subfield code="3">VOLUME 1</subfield>
    <subfield code="4">0</subfield>
    <subfield code="7">1</subfield>
    <subfield code="8">REF</subfield>
    <subfield code="a">L</subfield>
    <subfield code="b">L</subfield>
    <subfield code="d">2022-01-17</subfield>
    <subfield code="e">DBAD/PUB</subfield>
    <subfield code="g">1999.28</subfield>
    <subfield code="l">0</subfield>
    <subfield code="o">345.54 KAT</subfield>
    <subfield code="p">EN-114716</subfield>
    <subfield code="r">2022-01-17 00:00:00</subfield>
    <subfield code="t">1</subfield>
    <subfield code="v">1999.28</subfield>
    <subfield code="y">EN</subfield>
  </datafield>
  <datafield tag="952" ind1=" " ind2=" ">
    <subfield code="0">0</subfield>
    <subfield code="1">0</subfield>
    <subfield code="3">VOLUME 2</subfield>
    <subfield code="4">0</subfield>
    <subfield code="7">1</subfield>
    <subfield code="8">REF</subfield>
    <subfield code="a">L</subfield>
    <subfield code="b">L</subfield>
    <subfield code="d">2022-01-17</subfield>
    <subfield code="e">DBAD/PUB</subfield>
    <subfield code="g">1999.28</subfield>
    <subfield code="l">0</subfield>
    <subfield code="o">345.54 KAT</subfield>
    <subfield code="p">EN-114717</subfield>
    <subfield code="r">2022-01-17 00:00:00</subfield>
    <subfield code="t">1</subfield>
    <subfield code="v">1999.28</subfield>
    <subfield code="y">EN</subfield>
  </datafield>
  <datafield tag="952" ind1=" " ind2=" ">
    <subfield code="0">0</subfield>
    <subfield code="1">0</subfield>
    <subfield code="3">VOLUME 3</subfield>
    <subfield code="4">0</subfield>
    <subfield code="7">1</subfield>
    <subfield code="8">REF</subfield>
    <subfield code="a">L</subfield>
    <subfield code="b">L</subfield>
    <subfield code="d">2022-01-17</subfield>
    <subfield code="e">DBAD/PUB</subfield>
    <subfield code="g">1999.28</subfield>
    <subfield code="l">0</subfield>
    <subfield code="o">345.54 KAT</subfield>
    <subfield code="p">EN-114718</subfield>
    <subfield code="r">2022-01-17 00:00:00</subfield>
    <subfield code="t">1</subfield>
    <subfield code="v">1999.28</subfield>
    <subfield code="y">EN</subfield>
  </datafield>
  <datafield tag="952" ind1=" " ind2=" ">
    <subfield code="0">0</subfield>
    <subfield code="1">0</subfield>
    <subfield code="3">VOLUME 4</subfield>
    <subfield code="4">0</subfield>
    <subfield code="7">1</subfield>
    <subfield code="8">REF</subfield>
    <subfield code="a">L</subfield>
    <subfield code="b">L</subfield>
    <subfield code="d">2022-01-17</subfield>
    <subfield code="e">DBAD/PUB</subfield>
    <subfield code="g">1999.28</subfield>
    <subfield code="l">0</subfield>
    <subfield code="o">345.54 KAT</subfield>
    <subfield code="p">EN-114719</subfield>
    <subfield code="r">2022-01-17 00:00:00</subfield>
    <subfield code="t">1</subfield>
    <subfield code="v">1999.28</subfield>
    <subfield code="y">EN</subfield>
  </datafield>
  <datafield tag="952" ind1=" " ind2=" ">
    <subfield code="0">0</subfield>
    <subfield code="1">0</subfield>
    <subfield code="3">VOLUME 5</subfield>
    <subfield code="4">0</subfield>
    <subfield code="7">1</subfield>
    <subfield code="8">REF</subfield>
    <subfield code="a">L</subfield>
    <subfield code="b">L</subfield>
    <subfield code="d">2022-01-17</subfield>
    <subfield code="e">DBAD/PUB</subfield>
    <subfield code="g">1999.28</subfield>
    <subfield code="l">0</subfield>
    <subfield code="o">345.54 KAT</subfield>
    <subfield code="p">EN-114720</subfield>
    <subfield code="r">2022-01-17 00:00:00</subfield>
    <subfield code="t">1</subfield>
    <subfield code="v">1999.28</subfield>
    <subfield code="y">EN</subfield>
  </datafield>
  <datafield tag="952" ind1=" " ind2=" ">
    <subfield code="0">0</subfield>
    <subfield code="1">0</subfield>
    <subfield code="3">VOLUME 6</subfield>
    <subfield code="4">0</subfield>
    <subfield code="7">1</subfield>
    <subfield code="8">REF</subfield>
    <subfield code="a">L</subfield>
    <subfield code="b">L</subfield>
    <subfield code="d">2022-01-17</subfield>
    <subfield code="e">DBAD/PUB</subfield>
    <subfield code="g">1999.28</subfield>
    <subfield code="l">0</subfield>
    <subfield code="o">345.54 KAT</subfield>
    <subfield code="p">EN-114721</subfield>
    <subfield code="r">2022-01-17 00:00:00</subfield>
    <subfield code="t">1</subfield>
    <subfield code="v">1999.28</subfield>
    <subfield code="y">EN</subfield>
  </datafield>
  <datafield tag="952" ind1=" " ind2=" ">
    <subfield code="0">0</subfield>
    <subfield code="1">0</subfield>
    <subfield code="3">VOLUME 7</subfield>
    <subfield code="4">0</subfield>
    <subfield code="7">1</subfield>
    <subfield code="8">REF</subfield>
    <subfield code="a">L</subfield>
    <subfield code="b">L</subfield>
    <subfield code="d">2022-01-17</subfield>
    <subfield code="e">DBAD/PUB</subfield>
    <subfield code="g">1999.28</subfield>
    <subfield code="l">0</subfield>
    <subfield code="o">345.54 KAT</subfield>
    <subfield code="p">EN-114722</subfield>
    <subfield code="r">2022-01-17 00:00:00</subfield>
    <subfield code="t">1</subfield>
    <subfield code="v">1999.28</subfield>
    <subfield code="y">EN</subfield>
  </datafield>
</record>
